| 000 | 01372nac a22003131u 4500 | ||
|---|---|---|---|
| 010 | _a 00046756 | ||
| 020 | _a0521773059 | ||
| 082 | 0 | 0 |
_a330.9 _bBOR |
| 090 |
_c8099 _d8099 |
||
| 100 | _a20080729 | ||
| 245 | 0 | 0 |
_aTransferring wealth and power from the old to the new world : _bmonetary and fiscal institutions in the 17th through the 19th century / _cedited by Michael D. Bordo, Roberto CorteÌ?s-Conde. |
| 260 |
_aCambridge, UK ; _aNew York : _bCambridge University Press,2001 _cc2001. |
||
| 300 |
_ax, 482 p. : _bill. ; _c24 cm. |
||
| 440 | 0 | _aStudies in macroeconomic history | |
| 500 | _adistributer: Al-Ahram | ||
| 504 | _aIncludes bibliographical references and index. | ||
| 511 | _acatalogued by: wessam | ||
| 650 | 0 | _aEconomic history. | |
| 650 | 0 |
_aFiscal policy _zEurope _xHistory. |
|
| 650 | 0 |
_aMonetary policy _zEurope _xHistory. |
|
| 650 | 0 |
_aInternational economic relations _xHistory. |
|
| 651 | 0 |
_aEurope _xEconomic conditions. |
|
| 700 | 1 | _aBordo, Michael D. | |
| 700 | 1 | _aCorteÌ?s Conde, Roberto. | |
| 856 | 4 | 1 |
_3Sample text _uhttp://www.loc.gov/catdir/samples/cam031/00046756.html |
| 856 | 4 | 1 |
_3Publisher description _uhttp://www.loc.gov/catdir/description/cam021/00046756.html |
| 856 | 4 | 1 |
_3Table of contents _uhttp://www.loc.gov/catdir/toc/cam026/00046756.html |
| 942 |
_cBB _k330.9BOR |
||
| 999 |
_c8099 _d8099 |
||